Continuum companion to second language acquisition.

Guardat en:
Dades bibliogràfiques
Altres autors: Macaro, Ernesto (Editor)
Format: Desconegut
Idioma:anglès
Publicat: London, England: Continuum, 2010
Matèries:
Etiquetes: Afegir etiqueta
Sense etiquetes, Sigues el primer a etiquetar aquest registre!

MARC

LEADER 00000 a2200000 4500
003 CL-VaPUC
005 20230602124437.0
008 211222b2010 ||||| |||| 00| 0 eng d
999 |c 434336  |d 434334 
020 |a 978-0826495068 
040 |c Pontificia Universidad Católica de Valparaíso 
082 7 |a 401.93 MAC 2010  |2 22 
100 |a Macaro, Ernesto  |9 865249  |e editor 
245 1 |a Continuum companion to second language acquisition. 
260 |a London, England:   |b Continuum,   |c 2010 
300 |a 357 páginas  
583 |k Cristina María Rojas Aguilar  |c 20211222 
650 0 |a Lenguaje y lenguas   |9 859612  |x Estudio y enseñanza  
650 0 |a  Adquisición de una segunda lengua  |x Investigación   |9 859611 
942 |2 ddc  |c BK 
952 |0 0  |1 0  |2 ddc  |4 0  |6 401_930000000000000_MAC_2010  |7 0  |8 A  |9 579779  |a BIBEDU  |b BIBEDU  |d 2021-12-22  |e 1  |g 26396.00  |i 5630193  |o 401.93 MAC 2010  |p 5630193  |r 2021-12-22  |t 1  |v 26396.00  |w 2021-12-22  |y BK  |k LIT